| 000 | 00998cam a22003254a 4500 | ||
|---|---|---|---|
| 001 | 5920459 | ||
| 005 | 20220326193304.0 | ||
| 008 | 050503s2004 cr a b 000 0 spa | ||
| 010 | _a 2005420547 | ||
| 020 | _a9968994618 | ||
| 035 | _a(OCoLC)62084735 | ||
| 035 | _a(OCoLC)ocm62084735 | ||
| 035 | _a(NNC)5920459 | ||
| 040 |
_aDLC _cDLC |
||
| 041 | 0 |
_aspa _aeng |
|
| 042 | _apcc | ||
| 043 | _anccr--- | ||
| 082 |
_a633.73 _bU26r |
||
| 100 | 1 |
_aUgarte, Jimena. _91645 |
|
| 245 | 1 | 0 |
_aRecibidores y el café en Costa Rica / _cJimena Ugarte. |
| 246 | 1 | 8 | _aCoffee receiving stations |
| 260 |
_a[San José] : _bInstituto de Arquitectura Tropical, _c[2004] |
||
| 300 |
_a243 p. : _bill. (chiefly col.) ; _c27 cm. |
||
| 504 | _aIncludes bibliographical references (p. 235-236). | ||
| 650 | 0 |
_aCoffee _xStorage _zCosta Rica. _91646 |
|
| 650 | 0 |
_aCommercial buildings _xSocial aspects _zCosta Rica. _91647 |
|
| 700 |
_aUgarte, Jimena. _91648 |
||
| 948 | 1 |
_a20061004 _bc _crhg9 _dSCMC |
|
| 999 |
_c345 _d345 |
||